| 000 | 00331nam a2200121Ia 4500 | ||
|---|---|---|---|
| 008 | 210430s9999 xx 000 0 und d | ||
| 020 | _a978-969-8535-29-2 | ||
| 082 | _a891.43909 s5256c | ||
| 100 |
_aDr.safdar ali shah _954662 |
||
| 245 |
_aColonialism english and punjabi _cDr.safdar ali shah |
||
| 300 | _a349 | ||
| 942 |
_cBK _2ddc |
||
| 999 |
_c565306 _d565306 |
||